[Event "ARG-chT ART Semillero U21"]
[Site "Villa Martelli"]
[Date "2017.06.10"]
[Round "5"]
[White "Acosta, Martin Ezequiel"]
[Black "Leal, Jorge Augusto"]
[Result "1/2-1/2"]
[WhiteElo "2034"]
[BlackElo "2089"]
[PlyCount "87"]
[EventDate "2017.05.13"]
[EventType "team-swiss"]
[EventRounds "7"]
[EventCountry "ARG"]
[SourceTitle "EXT 2018"]
[Source "ChessBase"]
[SourceDate "2017.10.13"]
[SourceVersion "1"]
[SourceVersionDate "2017.10.13"]
[SourceQuality "1"]
[WhiteTeam "Ferro Carril Oeste U21"]
[BlackTeam "Republica Martelli U21"]
[WhiteTeamCountry "ARG"]
[BlackTeamCountry "ARG"]

1. e4 e6 2. d4 d5 3. e5 b6 4. c3 Qd7 5. Nf3 Ba6 6. Bxa6 Nxa6 7. 0-0 Ne7 8. Qe2 Nb8 9. c4 dxc4 10. Qxc4 Qc6 11. Qxc6+ Nbxc6 12. Nc3 h6 13. Be3 0-0-0 14. Rac1 Kb7 15. Rfd1 Nd5 16. Nxd5 Rxd5 17. Rc3 Rd7 18. a3 Ne7 19. b4 Nd5 20. Rcd3 Be7 21. Kf1 Ra8 22. Nd2 c6 23. Nc4 a5 24. bxa5 b5 25. Rb3 Kc8 26. Nb6+ Nxb6 27. axb6 Rxa3 28. Rxa3 Bxa3 29. Ra1 b4 30. Bc1 Bxc1 31. Rxc1 Kb7 32. Rc4 Kxb6 33. Rxb4+ Ka5 34. Rc4 Kb5 35. Rc5+ Kb6 36. Rc4 Kb5 37. Rc5+ Kb6 38. Rc4 Rd5 39. Ke2 Kb5 40. Kd3 c5 41. Rxc5+ Rxc5 42. dxc5 Kxc5 43. Ke4 Kc4 44. g3 1/2-1/2

[Event "Buenos Aires Coronel Suarez U2200 2nd"]
[Site "Buenos Aires"]
[Date "2017.04.29"]
[Round "1.4"]
[White "Barraza, Juan Ignacio"]
[Black "Acosta, Martin Ezequiel"]
[Result "0-1"]
[WhiteElo "1617"]
[BlackElo "2094"]
[PlyCount "58"]
[EventDate "2017.04.29"]
[EventType "swiss"]
[EventRounds "7"]
[EventCountry "ARG"]
[SourceTitle "EXT 2024"]
[Source "ChessBase"]
[SourceDate "2023.10.10"]
[SourceVersion "1"]
[SourceVersionDate "2023.10.10"]
[SourceQuality "1"]

1. e4 e5 2. Nf3 d5 3. exd5 e4 4. Qe2 Nf6 5. Nc3 Be7 6. Nxe4 0-0 7. Nfg5 Nxd5 8. Qh5 Bf5 9. d3 Bg6 10. Qg4 f5 11. Qg3 Qe8 12. Ne6 Bd6 13. Nxd6 Qxe6+ 14. Be3 f4 15. Qf3 fxe3 16. Qg3 exf2+ 17. Kd2 cxd6 18. Be2 Nc6 19. Rhf1 Qf6 20. Bf3 Nf4 21. Rxf2 Qxb2 22. Rc1 Nxd3 23. Bd5+ Kh8 24. Rxf8+ Rxf8 25. Rd1 Qb4+ 26. Ke2 Nd4+ 27. Ke3 Re8+ 28. Qe5 Rxe5+ 29. Be4 Rxe4+ 0-1

[Event "Buenos Aires La Porta Cup-A"]
[Site "Buenos Aires"]
[Date "2017.03.25"]
[Round "2"]
[White "Acosta, Martin Ezequiel"]
[Black "Valerga, Diego"]
[Result "0-1"]
[WhiteElo "2094"]
[BlackElo "2460"]
[PlyCount "54"]
[EventDate "2017.03.25"]
[EventType "swiss"]
[EventRounds "9"]
[EventCountry "ARG"]
[SourceTitle "CBM 177 Extra"]
[Source "ChessBase"]
[SourceDate "2017.04.27"]
[SourceVersion "1"]
[SourceVersionDate "2017.04.27"]
[SourceQuality "1"]

1. e4 c5 2. Nf3 e6 3. d4 cxd4 4. Nxd4 Nf6 5. Bd3 Nc6 6. Nxc6 bxc6 7. Be3 d5 8. exd5 cxd5 9. 0-0 Be7 10. Bd4 0-0 11. Re1 Bb7 12. Nd2 g6 13. Qf3 Nd7 14. Nb3 Qc7 15. Bb5 Bc6 16. Qc3 Rfc8 17. Ba6 Bb7 18. Qxc7 Rxc7 19. Bxb7 Rxb7 20. f4 Rc8 21. Rac1 Nc5 22. Red1 Na4 23. c4 dxc4 24. Na5 Rd7 25. b3 Ba3 26. Rxc4 Rxc4 27. bxc4 Nc3 0-1

[Event "ARG-ch Amateur U2300"]
[Site "Torre Blanca"]
[Date "2016.12.09"]
[Round "4.6"]
[White "Ruperez, Miguel Angel"]
[Black "Acosta, Martin Ezequiel"]
[Result "0-1"]
[WhiteElo "2182"]
[BlackElo "2118"]
[PlyCount "78"]
[EventDate "2016.12.08"]
[EventType "swiss"]
[EventRounds "8"]
[EventCountry "ARG"]
[SourceTitle "EXT 2024"]
[Source "ChessBase"]
[SourceDate "2023.10.10"]
[SourceVersion "1"]
[SourceVersionDate "2023.10.10"]
[SourceQuality "1"]

1. d4 Nf6 2. c4 g6 3. Nc3 d5 4. cxd5 Nxd5 5. Bd2 Bg7 6. e4 Nxc3 7. Bxc3 c5 8. d5 Bxc3+ 9. bxc3 0-0 10. Nf3 Bg4 11. Be2 Nd7 12. 0-0 Nf6 13. h3 Bxf3 14. Bxf3 Qd6 15. Re1 Qe5 16. Qb3 b6 17. g3 Rfd8 18. Bg2 g5 19. c4 Rab8 20. Rab1 Ne8 21. Qe3 Nd6 22. f4 gxf4 23. gxf4 Qg7 24. Rbc1 Kh8 25. Kh2 Rg8 26. Rg1 Qh6 27. Bh1 f6 28. e5 Rxg1 29. Rxg1 Nxc4 30. Qg3 fxe5 31. fxe5 Rf8 32. d6 e6 33. Bf3 Ne3 34. d7 Nf5 35. Qg5 Qxg5 36. Rxg5 Nd4 37. Bh5 Rd8 38. Kg2 Rxd7 39. Kf2 Rg7 0-1

[Event "Pinamar op 1st"]
[Site "Pinamar"]
[Date "2016.08.09"]
[Round "2.2"]
[White "Pi Chillida, Nicole"]
[Black "Acosta, Martin Ezequiel"]
[Result "0-1"]
[WhiteElo "1436"]
[BlackElo "2050"]
[PlyCount "66"]
[EventDate "2016.08.08"]
[EventType "swiss"]
[EventRounds "5"]
[EventCountry "ARG"]
[SourceTitle "EXT 2024"]
[Source "ChessBase"]
[SourceDate "2023.10.10"]
[SourceVersion "1"]
[SourceVersionDate "2023.10.10"]
[SourceQuality "1"]

1. d4 Nf6 2. Bf4 g6 3. Nf3 Bg7 4. h3 d6 5. e3 0-0 6. Be2 Nfd7 7. 0-0 Nc6 8. c3 e5 9. dxe5 dxe5 10. Bg3 Qe7 11. Nbd2 Nb6 12. Qc2 f5 13. Rfe1 Be6 14. Bh4 Bf6 15. Bxf6 Qxf6 16. Nf1 g5 17. N3h2 Kh8 18. f3 Rg8 19. Ng3 Raf8 20. Rf1 Qh6 21. Rf2 Nd5 22. Qd2 f4 23. Ng4 Bxg4 24. Qxd5 fxg3 25. fxg4 gxf2+ 26. Kh2 Qf6 27. Rf1 e4 28. Qxe4 Qe5+ 29. Qxe5+ Nxe5 30. Kg3 Rf6 31. Bf3 Nd3 32. b3 Re8 33. e4 Nc5 0-1

[Event "ARG-ch U18"]
[Site "Villa Martelli"]
[Date "2016.05.31"]
[Round "8.4"]
[White "Acosta, Martin Ezequiel"]
[Black "Ono, David"]
[Result "1/2-1/2"]
[WhiteElo "2157"]
[BlackElo "1990"]
[PlyCount "91"]
[EventDate "2016.05.28"]
[EventType "swiss"]
[EventRounds "9"]
[EventCountry "ARG"]
[SourceTitle "EXT 2024"]
[Source "ChessBase"]
[SourceDate "2023.10.10"]
[SourceVersion "1"]
[SourceVersionDate "2023.10.10"]
[SourceQuality "1"]

1. e4 e5 2. Nf3 Nf6 3. Nxe5 d6 4. Nf3 Nxe4 5. d4 d5 6. Bd3 Be7 7. 0-0 Nc6 8. c4 Nb4 9. cxd5 Nxd3 10. Qxd3 Qxd5 11. Re1 Bf5 12. g4 Bg6 13. Nc3 Nxc3 14. Qxc3 f6 15. Bf4 Qd7 16. h3 0-0 17. Qxc7 Qxc7 18. Bxc7 Bb4 19. Red1 Rf7 20. Rac1 Be4 21. Nh2 Rc8 22. Bf4 Rd8 23. a3 Ba5 24. d5 Bxd5 25. Be3 a6 26. Nf1 Bc6 27. Rxd8+ Bxd8 28. Ng3 Rd7 29. Nf5 g6 30. Nd4 Bd5 31. Nc2 Be7 32. Ne1 Kf7 33. f3 a5 34. Kf2 b5 35. Ng2 a4 36. Rd1 Be6 37. Rxd7 Bxd7 38. Bd2 Be6 39. Bc3 Bc5+ 40. Kg3 f5 41. gxf5 Bxf5 42. Nh4 Bd3 43. f4 h6 44. Nf3 Bd6 45. Ne5+ Bxe5 46. fxe5 1/2-1/2

[Event "ARG-ch U18"]
[Site "Villa Martelli"]
[Date "2016.05.30"]
[Round "6.5"]
[White "Acosta, Martin Ezequiel"]
[Black "Zapata Charles, Santiago"]
[Result "1/2-1/2"]
[WhiteElo "2157"]
[BlackElo "2244"]
[PlyCount "76"]
[EventDate "2016.05.28"]
[EventType "swiss"]
[EventRounds "9"]
[EventCountry "ARG"]
[SourceTitle "EXT 2024"]
[Source "ChessBase"]
[SourceDate "2023.10.10"]
[SourceVersion "1"]
[SourceVersionDate "2023.10.10"]
[SourceQuality "1"]

1. e4 e6 2. d4 d5 3. e5 c5 4. c3 Nc6 5. Nf3 Qb6 6. a3 Nh6 7. b4 cxd4 8. cxd4 Nf5 9. Bb2 Bd7 10. Be2 Be7 11. 0-0 h5 12. Qd3 g5 13. b5 Na5 14. Nbd2 g4 15. Ne1 Rc8 16. Bc3 Nc4 17. a4 Rg8 18. Nxc4 Rxc4 19. Qd2 Rxc3 20. Qxc3 Qxd4 21. Qxd4 Nxd4 22. Bd1 f6 23. exf6 Bd6 24. g3 Kf7 25. f3 Nf5 26. Ng2 e5 27. fxg4 hxg4 28. Bb3 Ke6 29. Rxf5 Kxf5 30. Bxd5 Rg6 31. Rf1+ Kg5 32. Bxb7 Rxf6 33. Rxf6 Kxf6 34. Kf2 Bc5+ 35. Ne3 Kg5 36. Ke2 Kf6 37. Bc6 Be6 38. Kd3 Bb6 1/2-1/2

[Event "ARG-ch U18"]
[Site "Villa Martelli"]
[Date "2016.05.29"]
[Round "3.2"]
[White "Acosta, Martin Ezequiel"]
[Black "Lagar, Valentin Alejo"]
[Result "0-1"]
[WhiteElo "2157"]
[BlackElo "2216"]
[PlyCount "106"]
[EventDate "2016.05.28"]
[EventType "swiss"]
[EventRounds "9"]
[EventCountry "ARG"]
[SourceTitle "EXT 2024"]
[Source "ChessBase"]
[SourceDate "2023.10.10"]
[SourceVersion "1"]
[SourceVersionDate "2023.10.10"]
[SourceQuality "1"]

1. e4 e5 2. Nf3 Nc6 3. Bc4 Bc5 4. c3 Nf6 5. d4 exd4 6. e5 d5 7. Bb5 Ne4 8. cxd4 Bb6 9. Nc3 0-0 10. h3 Ne7 11. Bd3 Nxc3 12. bxc3 Bf5 13. Ba3 Bg6 14. 0-0 Rc8 15. c4 Bxd3 16. Qxd3 dxc4 17. Qxc4 Re8 18. Bxe7 Qxe7 19. Rac1 Rcd8 20. Rfd1 c6 21. d5 cxd5 22. Rxd5 Rxd5 23. Qxd5 Rd8 24. Qb5 Qe6 25. Rc2 h6 26. a4 Qf5 27. Rc1 Qd7 28. Qb4 Qd5 29. Qg4 Qd7 30. Qb4 Qd5 31. Qg4 Qb3 32. Nh4 Bxf2+ 33. Kh2 Qe3 34. Nf5 Qxe5+ 35. Kh1 g6 36. Nxh6+ Kg7 37. Nxf7 Kxf7 38. Rf1 Rd2 39. Qf3+ Qf6 40. Qxb7+ Kg8 41. Qxa7 Bxa7 42. Rxf6 Rd1+ 43. Kh2 Kg7 44. Rf3 Bb8+ 45. g3 Rd2+ 46. Kg1 Kh6 47. Rb3 Ba7+ 48. Kh1 Ra2 49. h4 Kh5 50. Rb4 Bc5 51. Rc4 Bd6 52. Rd4 Bxg3 53. a5 Bxh4 0-1

[Event "ARG-ch U18"]
[Site "Villa Martelli"]
[Date "2016.05.29"]
[Round "4.5"]
[White "Caruso, Tomas"]
[Black "Acosta, Martin Ezequiel"]
[Result "1-0"]
[WhiteElo "1890"]
[BlackElo "2157"]
[PlyCount "94"]
[EventDate "2016.05.28"]
[EventType "swiss"]
[EventRounds "9"]
[EventCountry "ARG"]
[SourceTitle "EXT 2024"]
[Source "ChessBase"]
[SourceDate "2023.10.10"]
[SourceVersion "1"]
[SourceVersionDate "2023.10.10"]
[SourceQuality "1"]

1. d4 Nf6 2. Nc3 d5 3. Bg5 Nbd7 4. Nf3 h6 5. Bh4 e6 6. e3 Be7 7. Be2 0-0 8. Bg3 a6 9. h3 c5 10. a4 Qb6 11. Qc1 cxd4 12. a5 Qd8 13. exd4 Bb4 14. Bf4 Ne4 15. 0-0 Nxc3 16. bxc3 Bxc3 17. Ra3 Bxa5 18. Bxh6 Bc7 19. Bg5 f6 20. Bd2 Nb6 21. Bb4 Bd6 22. Bxd6 Qxd6 23. Nh4 f5 24. Rg3 f4 25. Rb3 Nc4 26. Bd3 e5 27. dxe5 Nxe5 28. Qd1 b5 29. Re1 Nxd3 30. Rxd3 Qh6 31. Nf3 Bb7 32. Re5 Rae8 33. Rdxd5 Rxe5 34. Rxe5 Qf6 35. Re1 Qc6 36. Qb1 Qg6 37. Qb3+ Kh8 38. Kh2 Qh5 39. Re5 Qh6 40. Qb4 Qf6 41. Qb3 Bxf3 42. Rc5 Bd1 43. Qd3 Rd8 44. Qe4 Qd6 45. Re5 b4 46. f3 Kg8 47. Qc4+ Kf8 1-0

[Event "Mar del Plata op 47th"]
[Site "Mar del Plata"]
[Date "2016.03.20"]
[Round "2"]
[White "Sosa, Tomas"]
[Black "Acosta, Martin Ezequiel"]
[Result "1-0"]
[WhiteElo "2428"]
[BlackElo "2152"]
[PlyCount "47"]
[EventDate "2016.03.19"]
[EventType "swiss"]
[EventRounds "9"]
[EventCountry "ARG"]
[SourceTitle "CBM 171 Extra"]
[Source "ChessBase"]
[SourceDate "2016.04.26"]
[SourceVersion "1"]
[SourceVersionDate "2016.04.26"]
[SourceQuality "1"]

1. d4 Nf6 2. Nc3 d5 3. Bg5 Ne4 4. Nxe4 dxe4 5. e3 g6 6. Ne2 Bg7 7. c3 c5 8. dxc5 Qc7 9. Qd5 Bd7 10. Nd4 a6 11. Qxe4 Qxc5 12. Qxb7 Bxd4 13. exd4 Qxg5 14. Qxa8 0-0 15. Qf3 e5 16. Qe3 Qg4 17. dxe5 Re8 18. f3 Qa4 19. Be2 Nc6 20. f4 f6 21. 0-0 fxe5 22. Qc5 Qc2 23. Rf2 Qe4 24. Bf3 1-0